[Event "Hofheim Spring op-B 7th"]
[Site "Hofheim"]
[Date "2019.04.25"]
[Round "4"]
[White "Annon, Shihan"]
[Black "Schroeder, Stefan1111"]
[Result "1-0"]
[WhiteElo "1613"]
[BlackElo "1760"]
[PlyCount "111"]
[EventDate "2019.04.23"]
[EventType "swiss"]
[EventRounds "9"]
[EventCountry "GER"]
[SourceTitle "CBM 190 Extra"]
[Source "ChessBase"]
[SourceDate "2019.07.15"]
[SourceVersion "1"]
[SourceVersionDate "2019.07.15"]
[SourceQuality "1"]

1. d4 Nf6 2. Bf4 d5 3. e3 c5 4. c3 Nc6 5. Nd2 e6 6. Ngf3 Bd6 7. Bg3 0-0 8. Bd3 cxd4 9. exd4 Qc7 10. Qe2 Re8 11. Ne5 a6 12. 0-0 b5 13. a3 Rf8 14. b4 Nd7 15. Ndf3 Ndxe5 16. dxe5 Be7 17. Qc2 g6 18. h4 Bd7 19. Rac1 Rfc8 20. h5 Kg7 21. hxg6 hxg6 22. Rfe1 Rh8 23. Kf1 Rh5 24. Qd2 Qb7 25. Qf4 Rah8 26. Ke2 Qb8 27. Kd2 Qb6 28. Kc2 a5 29. Kb2 Qb7 30. Rc2 Ra8 31. Ra1 Qb6 32. Re2 Rah8 33. Ree1 Qb7 34. Qe3 Qa6 35. a4 Na7 36. axb5 Nxb5 37. Rxa5 Qb7 38. Bxb5 Bxb4 39. cxb4 Bxb5 40. Qf4 Bc4 41. Kc3 Rc8 42. Nd4 Bb5+ 43. Kd2 Bc4 44. Rb1 Rh7 45. b5 Qb6 46. Ra6 Qb7 47. Rba1 Kg8 48. Ra7 Qb6 49. Ra8 Qb7 50. Rxc8+ Qxc8 51. Nc6 Qf8 52. Qf6 Rh5 53. b6 Bb5 54. Ne7+ Kh7 55. b7 Qh6+ 56. Bf4 1-0

[Event "Hofheim Spring op-B 7th"]
[Site "Hofheim"]
[Date "2019.04.25"]
[Round "5"]
[White "Kirchner, Stefan2222"]
[Black "Annon, Shihan"]
[Result "0-1"]
[WhiteElo "1549"]
[BlackElo "1613"]
[PlyCount "76"]
[EventDate "2019.04.23"]
[EventType "swiss"]
[EventRounds "9"]
[EventCountry "GER"]
[SourceTitle "CBM 190 Extra"]
[Source "ChessBase"]
[SourceDate "2019.07.15"]
[SourceVersion "1"]
[SourceVersionDate "2019.07.15"]
[SourceQuality "1"]

1. e4 d6 2. d4 Nf6 3. Nc3 Nbd7 4. f4 e5 5. Nf3 exd4 6. Nxd4 c6 7. Be2 d5 8. exd5 cxd5 9. Bb5 Bb4 10. Qe2+ Qe7 11. Qxe7+ Kxe7 12. Nf5+ Kf8 13. a3 Bxc3+ 14. bxc3 Nc5 15. a4 Bxf5 16. Ba3 Rc8 17. 0-0 Kg8 18. Ra2 a6 19. Be2 Be4 20. Bd1 Nxa4 21. Bb4 b5 22. Re1 h6 23. Re3 Kh7 24. g4 Rhe8 25. Rh3 Kg6 26. f5+ Kh7 27. g5 Bxf5 28. Rf3 hxg5 29. Rxf5 Re1+ 30. Rf1 Rxf1+ 31. Kxf1 Ne4 32. Bg4 Rc7 33. Ba5 Re7 34. Bd8 Nd2+ 35. Kf2 Ne4+ 36. Kf3 Re8 37. Bc7 g6 38. Ra1 f5 0-1

[Event "Hofheim Spring op-B 6th"]
[Site "Hofheim"]
[Date "2018.04.04"]
[Round "3"]
[White "Annon, Shihan"]
[Black "Chen, Victor1111"]
[Result "0-1"]
[WhiteElo "1501"]
[BlackElo "1650"]
[PlyCount "48"]
[EventDate "2018.04.03"]
[EventType "swiss"]
[EventRounds "9"]
[EventCountry "GER"]
[SourceTitle "EXT 2020"]
[Source "ChessBase"]
[SourceDate "2019.10.17"]
[SourceVersion "1"]
[SourceVersionDate "2019.10.17"]
[SourceQuality "1"]

1. d4 Nf6 2. Bf4 e6 3. e3 c5 4. c3 d5 5. Nd2 Be7 6. Bd3 0-0 7. Ngf3 Nc6 8. Ne5 Qb6 9. Rb1 Nd7 10. h4 f6 11. Bxh7+ Kxh7 12. Qh5+ Kg8 13. Ndf3 fxe5 14. Ng5 Nf6 15. Qg6 Bd7 16. dxe5 Be8 17. Qc2 Ne4 18. f3 Nxg5 19. hxg5 g6 20. Rh6 Kg7 21. Kf2 Bf7 22. Rbh1 Rh8 23. g4 Rag8 24. Bg3 Bxg5 0-1